Ancient Cyprus today : (Record no. 18907)

000 -LEADER
fixed length control field 01732cam a2200253 i 4500
020 ## - INTERNATIONAL STANDARD BOOK NUMBER
ISBN 9789170812170
020 ## - INTERNATIONAL STANDARD BOOK NUMBER
ISBN 9170812179
040 ## - CATALOGING SOURCE
Transcribing agency OHX
082 04 - DEWEY DECIMAL CLASSIFICATION NUMBER
Classification number 938 INT 1998 C154 Or.
245 00 - TITLE STATEMENT
Title Ancient Cyprus today :
Remainder of title museum collections and new research /
300 ## - PHYSICAL DESCRIPTION
Number of Pages xv, 350 pages :
Other physical details illustrations, facsimiles, maps, plans ;
Dimensions 26 cm.
490 1# - SERIES STATEMENT
Series statement Studies in Mediterranean archaeology and literature. PB,
500 ## - GENERAL NOTE
General note This volume is based on papers presented at a conference entitled: Ancient Cyprus Today: Museum Collections and New Research Approaches to the Archaeology of Cyprus, which was held at the Medelhavsmuseet in Stockholm, Sweden, April 25-27, 2015.--Page viii.
520 8# - SUMMARY, ETC.
Summary, etc Medelhavsmuseet in Stockholm hosts the largest and most well documented collection of Cypriot antiquities in the world outside Cyprus. The museum's goal is to continuously stay in-tune with the latest research centered on its collection. The suggested conference, mostly focused on the Cypriote Bronze and Iron-Age, is part of this long-term strategy to systemize an exchange of knowledge between the museum and external Swedish and international partners. Another important component in the long term strategy is to particularly focus on young and promising Swedish and international scholars so that the research on the Cypriote collections at Medelhavsmuseet remains vital and dynamic also in the future.
650 #0 - SUBJECT ADDED ENTRY--TOPICAL TERM
Topical Term Excavations (Archaeology)
650 #0 - SUBJECT ADDED ENTRY--TOPICAL TERM
Topical Term Bronze age
650 #0 - SUBJECT ADDED ENTRY--TOPICAL TERM
Topical Term Iron age
650 #0 - SUBJECT ADDED ENTRY--TOPICAL TERM
Topical Term Excavations (Archaeology)
650 #0 - SUBJECT ADDED ENTRY--TOPICAL TERM
Topical Term Excavations (Archaeology)
700 1# - ADDED ENTRY--PERSONAL NAME
Personal name Bourogiannis, Giorgos,
700 1# - ADDED ENTRY--PERSONAL NAME
Personal name Mühlenbock, Christian,
710 2# - ADDED ENTRY--CORPORATE NAME
Corporate name or jurisdiction name as entry element Medelhavsmuseet (Stockholm, Sweden),
942 ## - ADDED ENTRY ELEMENTS (KOHA)
Koha item type ADB
952 ## - LOCATION AND ITEM INFORMATION (KOHA)
Withdrawn status [LOCAL, KOHA] 0
Holdings
Koha item type Source of acquisition Lost status Permanent Location Current Location Date acquired Full call number
សៀវភៅភាសាអង់គ្លេសA38495 Library Block CLibrary Block C2020-02-11938 INT 1998 C154 Or.
មជ្ឈមណ្ឌលឯការនៃសាកលវិទ្យាល័យភូមិន្ទកសិកម្មចំការដូង

Powered by Koha